000 00564nam a2200205Ii 4500
003 JO-AjNU
008 230606s9999||||xx |||||||||||||| ||und||
020 _a978-0-671-02835-0
040 _aJO-AjNU
_beng
_erda
_cJO-AjNU
041 _aeng
050 1 4 _aPS3564 1999
100 3 _aDick, Moby,
_eauthor
_92364
245 0 0 _aHerman Melville
264 3 1 _aNew York:pockets books, 1999
300 _a608p
336 _atext
_btxt
_2rdacontent
337 _aunmediated
_bn
_2rdamedia
338 _avolume
_bnc
_2rdacarrier
650 4 _a AMERICAN SHORT STORY 
_92365
999 _aE1240
_c1240
_d1240